000 00673nam a2200241Ia 4500
003 OSt
005 20221005121554.0
006 a|||||r|||| 00| 0
007 ta
008 221004b |||||||| |||| 00| 0 eng d
024 _a66638
037 _cTextual
040 _aCRL
_cCRL
_beng
041 _2eng
_aeng
082 _aV53:1:M5, B5.1-.5;7-.8
100 _aGuizot M
_9630796
245 0 _aHistory of France from the earliest times to 1848, tr by Robert Black.
260 _c1885
650 _aHISTORY
700 _a De Witt Guizot
_9630797
942 _hV53:1:M5, B5.1-.5;7-.8
_cTEXL
_2cc
999 _c1041581
_d1041581